| 000 | 01746nam0a2200385 4500 | ||
|---|---|---|---|
| 001 | RU\NLR\BIBL_A\012762319 | ||
| 005 | 20220427165120.0 | ||
| 010 | _a978-5-386-14523-1 | ||
| 021 |
_aRU _bАЛ-П-21-00947и _9АЛ-П-21-0181 |
||
| 035 | _a(NLR Aleph) 012762319 | ||
| 035 | _a(RuMoRGB)010896367 | ||
| 090 |
_a13066471 _c13066471 |
||
| 100 | _a20220414d2022 u y0rusy50 ca | ||
| 101 | 0 | _arus | |
| 102 | _aRU | ||
| 105 | _aah z 000zy | ||
| 181 | 0 |
_ab3 _bxb2e |
|
| 181 | 0 |
_ai1 _baxxe |
|
| 182 | 0 | _an | |
| 200 | 1 |
_aРождественское чудо _eстаринный альбом _fвступительная статья О. В. Бутковой |
|
| 203 |
_aИзображение _aТекст _bвизуальные _cнепосредственные |
||
| 210 |
_aМосква _cРИПОЛ классик _d2022 [т. е. 2021] |
||
| 215 |
_a239 с. _cил., цв. ил., факс. _d25 |
||
| 300 | _aВ издании использованы иллюстрации из фонда РГБИ | ||
| 300 | _aФактическая дата выхода в свет - 2021 | ||
| 333 | _a12+ | ||
| 606 | 1 |
_aПочтовые открытки маркированные художественные _jАльбомы _z19 - 20 вв. _92558870 _3RU\NLR\AUTH\661513764 |
|
| 606 | 1 |
_aРождество Христово, праздник _jАльбомы _xИзображение на почтовых открытках маркированных художественных _92321867 _3RU\NLR\AUTH\6601613806 |
|
| 686 | 1 | _aЩ153(0)53-489 я61 | |
| 686 | 1 | _aЩ153(0)53-3я61 | |
| 942 | _cBOOK | ||
| 980 | _aNB | ||